logo

Bir Sreshtho Munshi Abdur Rouf Library
Jhenaidah Cadet College

ফ্রানৎস কাফকা গল্পসমগ্র / (Record no. 11006)

MARC details
000 -LEADER
fixed length control field 00910nam a2200241 a 4500
001 - CONTROL NUMBER
JCCL Control Number 11006
003 - CONTROL NUMBER IDENTIFIER
JCCL marc code BD-JhCC
005 - DATE AND TIME OF LATEST TRANSACTION
control field 20190723083144.0
008 - FIXED-LENGTH DATA ELEMENTS--GENERAL INFORMATION
fixed length control field 180723s20132014bg a|||| |||| 000 0 ben d
020 ## - INTERNATIONAL STANDARD BOOK NUMBER
International Standard Book Number 9789848866672
035 ## - SYSTEM CONTROL NUMBER
system control number (BD-JhCC)11006
040 ## - CATALOGING SOURCE
Original cataloging agency BD-JhCC
Modifying agency BD-JhCC
041 ## - LANGUAGE CODE
Language code of Book ben
082 ## - DEWEY DECIMAL CLASSIFICATION NUMBER
Classification number 833.912
Author mark and Year KAF 2014
100 ## - MAIN ENTRY--PERSONAL NAME
Personal name কাফকা, ফ্রানৎস
245 ## - TITLE STATEMENT
Title ফ্রানৎস কাফকা গল্পসমগ্র /
Statement of responsibility, etc ফ্রানৎস কাফকা, অনু. মাসরুর আরেফিন
260 ## - PUBLICATION, DISTRIBUTION, ETC. (IMPRINT)
Place of publication, distribution, etc ঢাকা :
Name of publisher, distributor, etc পাঠক সমাবেশ,
Date of publication, distribution, etc ২০১৪.
300 ## - PHYSICAL DESCRIPTION
Pagination ৪৭৩ পৃ. :
Other physical details পৃষ্ঠা শেষে চিত্রবলী,
Dimensions ২২ সেমি.
600 ## - SUBJECT ADDED ENTRY--PERSONAL NAME
Personal name Kafka, Franz
Dates associated with a name 1883-1924
650 ## - SUBJECT ADDED ENTRY--TOPICAL TERM
Topical term or geographic name as entry element Short stories,
Geographic subdivision Austrian
700 ## - ADDED ENTRY--PERSONAL NAME
Personal name আরেফিন, মাসরুর
942 ## - ADDED ENTRY ELEMENTS (KOHA)
Source of classification or shelving scheme Dewey Decimal Classification
Koha item type Books
Holdings
Source of classification or shelving scheme volume number Damaged status Not for loan Home library Current library Shelving location Date of accession Cost, normal purchase price Total Checkouts Full call number Barcode Date last seen Date checked out Copy number Koha item type Method of acquisition Currency
Dewey Decimal Classification V-1     JCC Rouf Library JCC Rouf Library General Stacks 07/23/2018 1135.00 1 833.912 KAF 2014 1338 09/30/2024 09/02/2024 C-1 Books    
Dewey Decimal Classification       JCC Rouf Library JCC Rouf Library General Stacks   1195.00 5 833.912 KAF 2014 19330 11/05/2025 10/29/2025 C-2 Books Purchase BDT

JCC Library | Contacts | JCC Home

Last Update on 23 September 2017
Copyright @ 2017-2020 JCC Rouf Library
Rouf Library, Jhenidah Cadet College (JCC), Bangladesh